Paris en dates clés - Statistiques

Statistiques générales
  • Ce quiz a été pris 65 fois
  • Le résultat moyen est 15 sur 20
Statistiques - réponses
Événement Année % Correct
Prise de la Bastille 14 juillet 1789
100%
Attentat contre Charlie Hebdo 7 janvier 2015
92%
Incendie de Notre-Dame de Paris 15 et 16 avril 2019
92%
Confinement de Paris pendant la pandémie de COVID-19 17 mars au 11 mai 2020
92%
Troisième fois que la ville accueille les Jeux olympiques d'été 26 juillet au 11 août 2024
92%
Sacre du PSG en Ligue des Champions + Célébrations qui en suivent 31 mai 2025
92%
Sacre de Napoléon Ier 2 décembre 1804
86%
Rafle du Vél'd'Hiv 16 au 17 juillet 1942
86%
Libération de Paris 19 au 25 août 1944
86%
Victoire de la France lors de la finale du Mondial face au Brésil 12 juillet 1998
86%
Inauguration de la Tour Eiffel 31 mars 1889
81%
Mort de Lady Diana lors d’un accident de voiture 31 août 1997
80%
Révolution de Juillet « Trois Glorieuses » 27 au 29 juillet 1830
73%
Première fois que la ville accueille les Jeux olympiques d'été 14 mai au 28 octobre 1900
71%
Deuxième fois que la ville accueille les Jeux olympiques d'été 5 au 27 juillet 1924
64%
Commune de Paris 18 mars – 28 mai 1871
61%
Nuit des barricades 10 au 11 mai 1968
59%
Vol de La Joconde 21 août 1911
51%
Élection du premier maire de Paris moderne, Jacques Chirac 25 mars 1977
51%
Massacre de la Saint-Barthélemy 24 au 30 août 1572
37%
Aucun quiz correspondant
Distribution des résultats
% des personnes avec chaque résultat
Percentile par nombre de réponses
Votre historique - résultats
Vous n’avez pas pris ce quiz